Scientology, a history of man : (Record no. 7133)

MARC details
000 -LEADER
fixed length control field 01114cam a2200313 a 4500
001 - CONTROL NUMBER
control field 15216130
003 - CONTROL NUMBER IDENTIFIER
control field OSt
005 - DATE AND TIME OF LATEST TRANSACTION
control field 20210906105459.0
008 - FIXED-LENGTH DATA ELEMENTS--GENERAL INFORMATION
fixed length control field 080312s2007 caua 001 0 eng d
010 ## - LIBRARY OF CONGRESS CONTROL NUMBER
LC control number 2008297436
020 ## - INTERNATIONAL STANDARD BOOK NUMBER
International Standard Book Number 9781403144232
020 ## - INTERNATIONAL STANDARD BOOK NUMBER
International Standard Book Number 1403144230
035 ## - SYSTEM CONTROL NUMBER
System control number (OCoLC)ocn184841535
040 ## - CATALOGING SOURCE
Original cataloging agency CLZ
Transcribing agency DDC
Modifying agency DPL
-- DLC
042 ## - AUTHENTICATION CODE
Authentication code lccopycat
050 00 - LIBRARY OF CONGRESS CALL NUMBER
Classification number BP605.S2
Item number H83553 2007
082 04 - DEWEY DECIMAL CLASSIFICATION NUMBER
Classification number 299.936HUB2007
100 1# - MAIN ENTRY--PERSONAL NAME
Personal name Hubbard, L. Ron
Fuller form of name (La Fayette Ron),
Dates associated with a name 1911-1986.
9 (RLIN) 13943
245 10 - TITLE STATEMENT
Title Scientology, a history of man :
Remainder of title A list and description of the principal incidents to be found in a human being /
Statement of responsibility, etc. Edited by Hubbard, L. Ron
250 ## - EDITION STATEMENT
Edition statement [New ed.].
260 ## - PUBLICATION, DISTRIBUTION, ETC. (IMPRINT)
Place of publication, distribution, etc. Los Angeles, Calif. :
Name of publisher, distributor, etc. Bridge Publications, Inc.,
Date of publication, distribution, etc. 2007.
300 ## - PHYSICAL DESCRIPTION
Extent 247 p. :
Other physical details ill. ;
Dimensions 25 cm.
500 ## - GENERAL NOTE
General note "A Hubbard publication".
504 ## - BIBLIOGRAPHY, ETC. NOTE
Bibliography, etc Includes; index
650 #0 - SUBJECT ADDED ENTRY--TOPICAL TERM
Topical term or geographic name as entry element Scientology.
9 (RLIN) 14686
906 ## - LOCAL DATA ELEMENT F, LDF (RLIN)
a 7
b cbc
c copycat
d 2
e ncip
f 20
g y-gencatlg
942 ## - ADDED ENTRY ELEMENTS (KOHA)
Source of classification or shelving scheme Dewey Decimal Classification
Koha item type Open Shelf
Holdings
Withdrawn status Lost status Source of classification or shelving scheme Damaged status Not for loan Home library Current library Date acquired Source of acquisition Inventory number Total Checkouts Full call number Barcode Date last seen Price effective from Koha item type
    Dewey Decimal Classification     MUST Main Library MUST Main Library 06/09/2021 Purchase 09/29944   299.936HUB2007 2021-0857 06/09/2021 06/09/2021 Open Shelf